Normal view
MARC view
- تاليف الصاغانى، رضي الدين إبي الفضائل الحسن بن محمد بن الحسن (577 - 650هجري)؛ تحقيق ودراسة محمد عبد القادر إحمد
Entry Personal Name
001 - CONTROL NUMBER
- control field: 14091
003 - CONTROL NUMBER IDENTIFIER
- control field: JO-AjAnu
005 - DATE AND TIME OF LATEST TRANSACTION
- control field: 20230606072542.0
008 - FIXED-LENGTH DATA ELEMENTS
- fixed length control field: 230606|| aca||aabn | a|a d
040 ## - CATALOGING SOURCE
- Original cataloging agency: JO-AjAnu
- Transcribing agency: JO-AjAnu
100 ## - HEADING--PERSONAL NAME
- Personal name: تاليف الصاغانى، رضي الدين إبي الفضائل الحسن بن محمد بن الحسن (577 - 650هجري)؛ تحقيق ودراسة محمد عبد القادر إحمد
670 ## - SOURCE DATA FOUND
- Source citation: Work cat.: (JO-AjAnu)7244: تاليف الصاغانى، رضي الدين إبي الفضائل الحسن بن محمد بن الحسن (577 - 650هجري)؛ تحقيق ودراسة محمد عبد القادر إحمد, author, كتاب الإضداد